[Event "Europa tch femenino 2005"]
[Site "Gotebörg SWE"]
[Date "2005.08.02"]
[Round "4.12"]
[White "Gretarsdottir, Lilja"]
[Black "Richards, Heather"]
[Result "0-1"]
[WhiteElo "2046"]
[BlackElo "2150"]
[PlyCount "102"]
[EventDate "2005.07.30"]
[EventType "team"]
[EventRounds "9"]
[EventCountry "SWE"]
[Source "lmi"]
[SourceDate "2005.08.07"]

1. c4 e6 2. d4 d5 3. Nc3 c5 4. cxd5 exd5 5. Nf3 Nc6 6. e3 Nf6 7. Bd3 Be7 8. O-O
O-O 9. h3 Be6 10. dxc5 Bxc5 11. b3 Qd7 12. Bb2 Rad8 13. Ne2 Rfe8 14. Bxf6 gxf6
15. Bxh7+ Kg7 16. Nf4 Rh8 17. Bc2 Rh6 18. Nxe6+ fxe6 19. Nh2 Rdh8 20. Qe2 Bb6
21. Rad1 Qd6 22. Kh1 Kf7 23. f4 Qc5 24. Rf3 f5 25. Bb1 Rd8 26. Qc2 Qxc2 27.
Bxc2 d4 28. e4 Nb4 29. Bb1 fxe4 30. Bxe4 Nxa2 31. Bxb7 Nc3 32. Rdd3 Rh5 33. Ba6
Ra5 34. Bc4 Ne4 35. f5 Ng3+ 36. Kg1 Ra1+ 37. Kf2 Ne4+ 38. Ke2 Ra2+ 39. Ke1 Ba5+
40. Kd1 Nf2+ 41. Rxf2 Rxf2 42. fxe6+ Ke7 43. Nf3 Bc3 44. Ne5 Rc8 45. Rg3 Kd6
46. Nf7+ Kc5 47. Rg5+ Kb4 48. Nd6 Rxc4 49. bxc4 d3 50. Rf5 Rxg2 51. Rf1 Ra2 0-1

[Event "Europa tch femenino 2005"]
[Site "Gotebörg SWE"]
[Date "2005.08.02"]
[Round "4.12"]
[White "Lalic, Susan"]
[Black "Thorsteinsdottir, Gudlaug"]
[Result "1-0"]
[WhiteElo "2362"]
[BlackElo "2132"]
[PlyCount "71"]
[EventDate "2005.07.30"]
[EventType "team"]
[EventRounds "9"]
[EventCountry "SWE"]
[Source "lmi"]
[SourceDate "2005.08.07"]

1. e4 c5 2. Nc3 Nc6 3. g3 g6 4. Bg2 Bg7 5. d3 d6 6. Be3 e6 7. Qd2 Rb8 8. Nf3
Nf6 9. Bh6 O-O 10. Bxg7 Kxg7 11. O-O b5 12. Nh4 b4 13. Ne2 d5 14. exd5 Nxd5 15.
a3 Bb7 16. axb4 cxb4 17. c4 bxc3 18. bxc3 Qd6 19. c4 Ndb4 20. d4 Rfd8 21. Rfd1
f6 22. Nf3 Qe7 23. Qc3 Rd7 24. Rd2 Rbd8 25. Rad1 g5 26. Nxg5 fxg5 27. d5+ Qf6
28. dxc6 Rxd2 29. Rxd2 Qxc3 30. Nxc3 Rxd2 31. cxb7 Rd8 32. c5 a5 33. c6 Na6 34.
Bf1 Nc7 35. Nb5 Nd5 36. Bc4 1-0

[Event "Europa tch femenino 2005"]
[Site "Gotebörg SWE"]
[Date "2005.08.02"]
[Round "4.13"]
[White "Nagy, Laura"]
[Black "Roelli, Corinne"]
[Result "1-0"]
[WhiteElo "1933"]
[BlackElo "2001"]
[PlyCount "55"]
[EventDate "2005.07.30"]
[EventType "team"]
[EventRounds "9"]
[EventCountry "SWE"]
[Source "lmi"]
[SourceDate "2005.08.07"]

1. e4 c5 2. Nc3 e6 3. g3 Nc6 4. Bg2 g6 5. d3 Bg7 6. Be3 d6 7. Qd2 Nd4 8. Nd1
Nc6 9. c3 e5 10. f4 Qa5 11. Ne2 Bg4 12. Nf2 Bxe2 13. Kxe2 Nge7 14. Nh3 O-O 15.
g4 f5 16. gxf5 gxf5 17. Rhg1 Kh8 18. Ng5 Rf6 19. a3 Raf8 20. Raf1 h6 21. Nh3
fxe4 22. Bxe4 d5 23. Bf3 d4 24. fxe5 dxe3 25. exf6 Rxf6 26. Qxe3 Nf5 27. Qe8+
Kh7 28. Be4 1-0

[Event "Europa tch femenino 2005"]
[Site "Gotebörg SWE"]
[Date "2005.08.02"]
[Round "4.13"]
[White "Lematschko, Tatjana"]
[Black "Kopinits, Anna-Christina"]
[Result "1-0"]
[WhiteElo "2205"]
[BlackElo "2124"]
[PlyCount "65"]
[EventDate "2005.07.30"]
[EventType "team"]
[EventRounds "9"]
[EventCountry "SWE"]
[Source "lmi"]
[SourceDate "2005.08.07"]

1. d4 Nf6 2. c4 c5 3. d5 b5 4. cxb5 a6 5. e3 g6 6. Nc3 d6 7. h3 Bg7 8. bxa6
Nxa6 9. Bb5+ Bd7 10. Bc4 O-O 11. Nge2 e5 12. O-O e4 13. Ng3 Re8 14. Rb1 h5 15.
Re1 h4 16. Nf1 Re5 17. Kh1 Nh5 18. Be2 Qc8 19. Nh2 Rg5 20. Nxe4 Re5 21. Nxd6
Qb8 22. Nc4 Re8 23. Bxh5 gxh5 24. e4 Qb4 25. b3 Nc7 26. a3 Qb8 27. Bf4 Qd8 28.
Qxh5 Nb5 29. e5 Nc3 30. Nd6 Rf8 31. Bg5 Qa5 32. Bf6 Nxb1 33. b4 1-0

[Event "Europa tch femenino 2005"]
[Site "Gotebörg SWE"]
[Date "2005.08.02"]
[Round "4.13"]
[White "Wilson, Alexandra"]
[Black "Sommer, Sonja"]
[Result "1-0"]
[WhiteElo "2056"]
[BlackElo "2053"]
[PlyCount "89"]
[EventDate "2005.07.30"]
[EventType "team"]
[EventRounds "9"]
[EventCountry "SWE"]
[Source "lmi"]
[SourceDate "2005.08.07"]

1. e4 e5 2. Nf3 Nc6 3. Bb5 a6 4. Ba4 Nf6 5. d4 exd4 6. O-O Be7 7. Re1 b5 8. e5
Nxe5 9. Rxe5 bxa4 10. Nxd4 O-O 11. Nf5 Re8 12. Bg5 Bf8 13. Nh6+ gxh6 14. Bxf6
Qxf6 15. Rxe8 Qg7 16. Re3 Kh8 17. Nc3 Bb7 18. Rg3 Qf6 19. Nd5 Qe5 20. Ne3 f5
21. Nxf5 Bc5 22. Qxd7 Rf8 23. Ne3 a3 24. Qd2 axb2 25. Rb1 Bd4 26. Ng4 Qc5 27.
c3 Bg7 28. Qxb2 Be4 29. Re1 Bg6 30. Qb4 Qd5 31. Ne5 Qd2 32. Nxg6+ hxg6 33. Rf1
g5 34. Rf3 Rxf3 35. gxf3 Qxa2 36. Qb8+ Kh7 37. Qxc7 Qd5 38. Kg2 g4 39. Qf4 h5
40. Qe4+ Qxe4 41. fxe4 Bxc3 42. Rc1 Bd4 43. Rc4 Be5 44. Rc5 Bd4 45. Rxh5+ 1-0

[Event "Europa tch femenino 2005"]
[Site "Gotebörg SWE"]
[Date "2005.08.03"]
[Round "5.1"]
[White "Socko, Monika"]
[Black "Olarasu, Gabriela"]
[Result "1-0"]
[WhiteElo "2465"]
[BlackElo "2306"]
[PlyCount "111"]
[EventDate "2005.07.30"]
[EventType "team"]
[EventRounds "9"]
[EventCountry "SWE"]
[Source "lmi"]
[SourceDate "2005.08.07"]

1. d4 d5 2. c4 c6 3. e3 Nf6 4. Nc3 g6 5. Nf3 Bg7 6. cxd5 cxd5 7. Bb5+ Bd7 8.
Qb3 Bxb5 9. Qxb5+ Qd7 10. Ne5 Qxb5 11. Nxb5 Na6 12. b3 Ne4 13. f3 Nec5 14. Ke2
Ne6 15. Nd3 Kd7 16. Bd2 Rhc8 17. Rhc1 Rxc1 18. Rxc1 Nd8 19. Nc5+ Nxc5 20. Rxc5
Ne6 21. Rxd5+ Kc6 22. Nc3 a6 23. Ra5 b6 24. Ra4 Nc7 25. Rc4+ Kb7 26. Ne4 h6 27.
Nf2 e5 28. dxe5 Bxe5 29. Ng4 Bg7 30. Bc3 Bxc3 31. Rxc3 f5 32. Ne5 g5 33. Rd3
Re8 34. Nf7 Rf8 35. Nxh6 Kc6 36. e4 fxe4 37. fxe4 Rf4 38. Ke3 Rh4 39. Nf7 Rxh2
40. Rd2 Rh5 41. Rd6+ Kc5 42. Rg6 Rh7 43. Nxg5 Rh1 44. Nf3 a5 45. Ne5 Re1+ 46.
Kd3 Kb5 47. a4+ Ka6 48. Nc4 Na8 49. e5 Kb7 50. Nd6+ Kc6 51. Nb5+ Kc5 52. e6 Kb4
53. Rg4+ Kc5 54. Re4 Rd1+ 55. Kc2 Rd8 56. Rc4+ 1-0

[Event "Europa tch femenino 2005"]
[Site "Gotebörg SWE"]
[Date "2005.08.03"]
[Round "5.1"]
[White "Peptan, Corina-Isabela"]
[Black "Radziewicz, Iweta"]
[Result "1/2-1/2"]
[WhiteElo "2411"]
[BlackElo "2447"]
[PlyCount "50"]
[EventDate "2005.07.30"]
[EventType "team"]
[EventRounds "9"]
[EventCountry "SWE"]
[Source "lmi"]
[SourceDate "2005.08.07"]

1. e4 e6 2. d4 d5 3. Nd2 Nf6 4. e5 Nfd7 5. Ngf3 c5 6. c3 f5 7. b3 Nc6 8. Bb2
cxd4 9. cxd4 Be7 10. Bd3 a5 11. a3 Nf8 12. h4 Bd7 13. Nb1 Ng6 14. g3 O-O 15.
Nc3 Nh8 16. Ne2 Qb6 17. Kf1 a4 18. b4 Na7 19. Kg2 Bb5 20. Nc3 Bxd3 21. Qxd3 Qc6
22. Rac1 Qd7 23. Rc2 Nf7 24. Rhc1 Rfc8 25. b5 Nd8 1/2-1/2

[Event "Europa tch femenino 2005"]
[Site "Gotebörg SWE"]
[Date "2005.08.03"]
[Round "5.1"]
[White "Dworakowska, Joanna"]
[Black "Calotescu, Ana-Cristina"]
[Result "1-0"]
[WhiteElo "2401"]
[BlackElo "2273"]
[PlyCount "129"]
[EventDate "2005.07.30"]
[EventType "team"]
[EventRounds "9"]
[EventCountry "SWE"]
[Source "lmi"]
[SourceDate "2005.08.07"]

1. e4 c5 2. Nf3 d6 3. d4 Nf6 4. Nc3 cxd4 5. Nxd4 a6 6. Bg5 e6 7. f4 Nc6 8. e5
h6 9. Bh4 g5 10. fxg5 Nd5 11. Nxd5 exd5 12. exd6 Bxd6 13. Nxc6 bxc6 14. Qd4
Qe7+ 15. Be2 Be5 16. Qa4 Qd6 17. Bg3 O-O 18. gxh6 Bxg3+ 19. hxg3 Qxg3+ 20. Kf1
Bf5 21. Qd4 Rae8 22. Bd3 Bxd3+ 23. cxd3 Kh7 24. Rh3 Qg5 25. Qf2 Re6 26. Rg3 Qh5
27. Rh3 Qg5 28. Kg1 Rg6 29. Re1 f5 30. Re2 Rf7 31. Re5 Qg4 32. Rf3 f4 33. Qe2
Rxh6 34. Re7 Qf5 35. d4 a5 36. Rxf7+ Qxf7 37. Qe5 Rf6 38. Rh3+ Kg8 39. Qb8+ Qf8
40. Qc7 Qf7 41. Qxa5 Qd7 42. Qa8+ Rf8 43. Rh8+ Kxh8 44. Qxf8+ Kh7 45. Qxf4 Qb7
46. Qd2 Qa6 47. b3 Kg7 48. Kf2 Qa3 49. Ke1 Qe7+ 50. Kd1 Qe4 51. Kc1 Kf7 52. a4
Ke7 53. a5 Kd7 54. Kb2 Kc7 55. Ka3 Qb1 56. g4 Qa1+ 57. Kb4 Qf1 58. g5 Kd7 59.
g6 Ke6 60. Qc3 Qb5+ 61. Ka3 Kf6 62. Qc5 Qb7 63. Qb6 Qe7+ 64. Ka4 Kxg6 65. Qxc6+
1-0

[Event "Europa tch femenino 2005"]
[Site "Gotebörg SWE"]
[Date "2005.08.03"]
[Round "5.1"]
[White "Bogza, Adina-Maria"]
[Black "Zawadzka, Jolanta"]
[Result "1/2-1/2"]
[WhiteElo "2325"]
[BlackElo "2402"]
[PlyCount "93"]
[EventDate "2005.07.30"]
[EventType "team"]
[EventRounds "9"]
[EventCountry "SWE"]
[Source "lmi"]
[SourceDate "2005.08.07"]

1. d4 Nf6 2. Nf3 g6 3. g3 Bg7 4. Bg2 O-O 5. O-O d6 6. Re1 Nbd7 7. e4 e5 8. c3
b6 9. Nbd2 Bb7 10. Qc2 Re8 11. b4 exd4 12. cxd4 c5 13. bxc5 dxc5 14. e5 Nd5 15.
Nc4 cxd4 16. Nd6 Nxe5 17. Nxe8 d3 18. Qb3 Nxf3+ 19. Bxf3 Bxa1 20. Qxd3 Qd7 21.
Ba3 Rxe8 22. Rxa1 Qf5 23. Qxf5 gxf5 24. Rc1 Ba8 25. Bd6 Rd8 26. Be5 Re8 27. Bd6
Nf4 28. gxf4 Bxf3 29. Be5 h5 30. Rc3 f6 31. Rxf3 fxe5 32. Ra3 a5 33. Re3 e4 34.
Rh3 Rc8 35. Rb3 Rc1+ 36. Kg2 Rc2 37. a4 Kf7 38. Rb5 e3 39. Rxf5+ Kg6 40. Rg5+
Kf6 41. Rxh5 Rxf2+ 42. Kg3 Rb2 43. Kf3 e2 44. Kf2 Rb4 45. Kxe2 Rxa4 46. Rh6+
Kf5 47. Rxb6 1/2-1/2

[Event "Europa tch femenino 2005"]
[Site "Gotebörg SWE"]
[Date "2005.08.03"]
[Round "5.2"]
[White "Dzagnidze, Nana"]
[Black "Velcheva, Maria"]
[Result "1-0"]
[WhiteElo "2438"]
[BlackElo "2274"]
[PlyCount "93"]
[EventDate "2005.07.30"]
[EventType "team"]
[EventRounds "9"]
[EventCountry "SWE"]
[Source "lmi"]
[SourceDate "2005.08.07"]

1. Nf3 d5 2. b3 c5 3. Bb2 f6 4. e3 Nc6 5. d4 e6 6. Bd3 Bd6 7. c4 Nge7 8. Nc3 b6
9. cxd5 exd5 10. dxc5 Bxc5 11. Bb5 Bb7 12. Nd4 Qd6 13. O-O O-O 14. Nce2 a6 15.
Bd3 b5 16. Rc1 Bb6 17. Bb1 Rac8 18. Nf5 Nxf5 19. Bxf5 Rcd8 20. Nf4 Ne7 21. Be6+
Kh8 22. Bh3 Bc8 23. Bxc8 Rxc8 24. Qd3 Rxc1 25. Rxc1 Rd8 26. Bd4 Bxd4 27. Qxd4
Kg8 28. g3 Nf5 29. Qd3 g6 30. Rd1 d4 31. Qe4 Qe5 32. Qc6 Rd6 33. Qa8+ Kg7 34.
e4 Ne7 35. Qb7 Kf7 36. Nd3 Qe6 37. Rc1 Rc6 38. Re1 Rc3 39. Nf4 Qc6 40. Qa7 Qc5
41. Qxa6 d3 42. Qe6+ Kg7 43. Rd1 Rc1 44. Rxc1 Qxc1+ 45. Kg2 d2 46. Qxe7+ Kg8
47. Ne6 1-0

[Event "Europa tch femenino 2005"]
[Site "Gotebörg SWE"]
[Date "2005.08.03"]
[Round "5.2"]
[White "Djingarova, Emilia"]
[Black "Khurtsidze, Nino"]
[Result "1-0"]
[WhiteElo "2277"]
[BlackElo "2449"]
[PlyCount "85"]
[EventDate "2005.07.30"]
[EventType "team"]
[EventRounds "9"]
[EventCountry "SWE"]
[Source "lmi"]
[SourceDate "2005.08.07"]

1. e4 c6 2. d4 d5 3. exd5 cxd5 4. c4 Nf6 5. Nc3 e6 6. Nf3 Bb4 7. cxd5 Nxd5 8.
Bd2 Nc6 9. Bd3 O-O 10. O-O Nf6 11. a3 Be7 12. Bf4 b6 13. Rc1 Bb7 14. Re1 Rc8
15. Bb1 Qd7 16. Qd3 Rfd8 17. Rcd1 g6 18. Ba2 Nh5 19. Bh6 Bf6 20. d5 Ne7 21.
dxe6 Qxd3 22. exf7+ Kh8 23. f8=Q+ Rxf8 24. Rxd3 Rfe8 25. Ng5 Bxg5 26. Bxg5 Nd5
27. Rxe8+ Rxe8 28. Rd1 Ndf4 29. Bxf4 Nxf4 30. f3 Ba6 31. Ne4 Rc8 32. h4 Nd3 33.
b4 Rc7 34. Nd6 Nc1 35. Ne8 Ne2+ 36. Kh2 Rc8 37. Nd6 Rc3 38. Ne4 Rxa3 39. Rd8+
Kg7 40. Rd7+ Kf8 41. Be6 Rd3 42. Rxa7 Bb5 43. Nf6 1-0

[Event "Europa tch femenino 2005"]
[Site "Gotebörg SWE"]
[Date "2005.08.03"]
[Round "5.4"]
[White "Schuurman, Petra"]
[Black "Gaponenko, Inna"]
[Result "1/2-1/2"]
[WhiteElo "2266"]
[BlackElo "2439"]
[PlyCount "86"]
[EventDate "2005.07.30"]
[EventType "team"]
[EventRounds "9"]
[EventCountry "SWE"]
[Source "lmi"]
[SourceDate "2005.08.07"]

1. d4 Nf6 2. c4 e6 3. Nc3 Bb4 4. a3 Bxc3+ 5. bxc3 c5 6. e3 O-O 7. Bd3 d5 8. Ne2
dxc4 9. Bxc4 Qc7 10. Bd3 e5 11. O-O Nc6 12. Qc2 Re8 13. Ng3 h6 14. Bb2 Qe7 15.
Rae1 Qf8 16. Bb5 Bd7 17. Bxc6 Bxc6 18. dxe5 Rxe5 19. c4 Re6 20. a4 Rae8 21. Rd1
Rd8 22. a5 Red6 23. Be5 Rxd1 24. Rxd1 Rxd1+ 25. Qxd1 Nd7 26. Bc3 Qe7 27. Qg4
Qg5 28. Qxg5 hxg5 29. Nf5 Be4 30. Nd6 Bc6 31. Nf5 Be4 32. Nd6 Bd3 33. Nxb7 Bxc4
34. e4 f6 35. f3 Kf8 36. Nxc5 Nxc5 37. Bb4 a6 38. Bxc5+ Kf7 39. Kf2 Ke6 40. Ke3
Bf1 41. g3 Bb5 42. f4 gxf4+ 43. gxf4 g6 1/2-1/2

[Event "Europa tch femenino 2005"]
[Site "Gotebörg SWE"]
[Date "2005.08.03"]
[Round "5.5"]
[White "Vajda, Szidonia"]
[Black "Agrest, Svetlana"]
[Result "1-0"]
[WhiteElo "2392"]
[BlackElo "2270"]
[PlyCount "131"]
[EventDate "2005.07.30"]
[EventType "team"]
[EventRounds "9"]
[EventCountry "SWE"]
[Source "lmi"]
[SourceDate "2005.08.07"]

1. e4 d6 2. Nc3 Nf6 3. f4 e5 4. Nf3 exf4 5. d4 Be7 6. Bxf4 O-O 7. Bd3 Nc6 8.
O-O Bg4 9. Be3 Nb4 10. Be2 Nc6 11. Nd2 Qd7 12. h3 Bxe2 13. Nxe2 d5 14. e5 Ne8
15. Nf3 Nd8 16. Ng3 f5 17. Qd2 Ne6 18. Ne1 g6 19. Nd3 c6 20. Bh6 Rf7 21. Nf4
N8c7 22. Nxe6 Nxe6 23. Rf3 b6 24. c3 c5 25. dxc5 bxc5 26. Rd1 Rd8 27. Kh1 Qc7
28. Qe2 Qc6 29. Qf1 Bf8 30. Bxf8 Rdxf8 31. Ne2 Rd8 32. Rfd3 Rfd7 33. Nf4 Kg7
34. b4 cxb4 35. cxb4 Nxf4 36. Qxf4 Qe6 37. b5 Re8 38. Re1 Qb6 39. a4 Re6 40.
Rc1 Qb8 41. Re1 Qb6 42. Red1 Qc5 43. Rc1 Qe7 44. Qd4 Kf7 45. Re3 Qd8 46. Rc6
Rc7 47. Rec3 Rce7 48. Rxe6 Kxe6 49. Rc6+ Kf7 50. Rd6 Qa5 51. Qxd5+ Kg7 52. Qd4
Qe1+ 53. Kh2 Qe4 54. Qxe4 fxe4 55. e6 Kf6 56. Kg3 Ke5 57. Rd7 Rxe6 58. Rxa7 Kd4
59. Kf2 h5 60. Rd7+ Ke5 61. Ke3 g5 62. Rd4 Kf5 63. Rd5+ Kf6 64. a5 Re7 65. b6
g4 66. Rxh5 1-0

[Event "Europa tch femenino 2005"]
[Site "Gotebörg SWE"]
[Date "2005.08.03"]
[Round "5.5"]
[White "Lakos, Nikoletta"]
[Black "Andersson, Christin"]
[Result "1-0"]
[WhiteElo "2313"]
[BlackElo "2168"]
[PlyCount "105"]
[EventDate "2005.07.30"]
[EventType "team"]
[EventRounds "9"]
[EventCountry "SWE"]
[Source "lmi"]
[SourceDate "2005.08.07"]

1. e4 e6 2. d4 d5 3. Nd2 Nf6 4. e5 Nfd7 5. Bd3 c5 6. c3 Nc6 7. Ne2 cxd4 8. cxd4
f6 9. exf6 Nxf6 10. O-O Bd6 11. Nf3 Qc7 12. Bg5 O-O 13. Rc1 Nh5 14. Bb1 g6 15.
Ng3 Ng7 16. Re1 Bf4 17. Bxf4 Qxf4 18. Ne2 Qf6 19. Qd2 Bd7 20. a3 Rac8 21. Rc3
Ne7 22. Rxc8 Bxc8 23. Nc1 Nh5 24. Nd3 Nc6 25. Nde5 Nf4 26. Ng4 Qg7 27. Re3 Kh8
28. Bc2 Nh5 29. Nge5 Qf6 30. g3 Nxe5 31. Nxe5 Qg7 32. Rc3 Nf6 33. Bd3 Nd7 34.
Qc2 Nxe5 35. dxe5 Qd7 36. Rc7 Qd8 37. h4 Bd7 38. Rxb7 Rf3 39. Be2 Rf5 40. Bd3
Rf7 41. Qc5 Kg7 42. Qxa7 Qc8 43. Rc7 Qe8 44. b4 Kg8 45. a4 Kf8 46. b5 Kg7 47.
a5 Qe7 48. Qc5 Qd8 49. b6 Qb8 50. a6 Qd8 51. a7 g5 52. hxg5 Qxg5 53. a8=Q 1-0

[Event "Europa tch femenino 2005"]
[Site "Gotebörg SWE"]
[Date "2005.08.03"]
[Round "5.5"]
[White "Johansson, Victoria"]
[Black "Gara, Anita"]
[Result "0-1"]
[WhiteElo "2218"]
[BlackElo "2372"]
[PlyCount "76"]
[EventDate "2005.07.30"]
[EventType "team"]
[EventRounds "9"]
[EventCountry "SWE"]
[Source "lmi"]
[SourceDate "2005.08.07"]

1. d4 e6 2. c4 b6 3. Nc3 Bb7 4. e3 f5 5. Nf3 Nf6 6. Bd3 Be7 7. O-O O-O 8. a3
Ne4 9. Qc2 Nxc3 10. Qxc3 Bxf3 11. gxf3 Bd6 12. f4 c5 13. d5 Qe7 14. f3 Rf6 15.
Qc2 Na6 16. Kh1 Raf8 17. Bd2 exd5 18. cxd5 Nc7 19. Rae1 b5 20. b3 Qf7 21. Bc3
Rg6 22. Be5 Bxe5 23. fxe5 Nxd5 24. Bxb5 Nb6 25. a4 a5 26. Rd1 Qe7 27. Qc3 f4
28. Rg1 Re6 29. exf4 Rxf4 30. Rd6 Rf5 31. Qxc5 Rfxe5 32. Qxe5 Rxe5 33. Rxb6 Qf8
34. Rg3 Qc5 35. Rb8+ Kf7 36. Rb7 Re1+ 37. Kg2 Rg1+ 38. Kh3 Qh5# 0-1

[Event "Europa tch femenino 2005"]
[Site "Gotebörg SWE"]
[Date "2005.08.03"]
[Round "5.6"]
[White "Zaksaite, Salomeja"]
[Black "Bojkovic, Natasa"]
[Result "1/2-1/2"]
[WhiteElo "2237"]
[BlackElo "2386"]
[PlyCount "109"]
[EventDate "2005.07.30"]
[EventType "team"]
[EventRounds "9"]
[EventCountry "SWE"]
[Source "lmi"]
[SourceDate "2005.08.07"]

1. e4 c5 2. Nf3 e6 3. d4 cxd4 4. Nxd4 a6 5. Bd3 g6 6. O-O Bg7 7. Be3 Nf6 8. c4
d6 9. Nc3 O-O 10. Rc1 b6 11. f3 Bb7 12. Qd2 Re8 13. Rfd1 Nbd7 14. Bf1 Bf8 15.
Nc2 Qc7 16. Qf2 h6 17. Bd4 Rab8 18. Qh4 Bg7 19. Kh1 Rbc8 20. Na3 Qb8 21. Qf2
Bc6 22. b4 Bf8 23. Qb2 Ne5 24. Ncb1 Nfd7 25. Be2 g5 26. Nd2 Ng6 27. b5 Bb7 28.
bxa6 Bxa6 29. Nb5 Nc5 30. Nb3 Nf4 31. Bf2 Ng6 32. Rb1 Nd7 33. Bg1 Nge5 34. Qd4
Rc6 35. a4 Rec8 36. a5 Nxc4 37. Na1 Nxa5 38. h4 Bg7 39. Qa4 Nc5 40. Qa2 gxh4
41. Bh2 e5 42. Nc2 Bxb5 43. Bxb5 Nxe4 44. Nb4 Nc3 45. Nxc6 Nxc6 46. Qf2 Nxd1
47. Rxd1 Nd4 48. Bd3 Qa7 49. Qxh4 Qa4 50. Rb1 Qa3 51. Qe4 f5 52. Qb7 Rc1+ 53.
Rxc1 Qxc1+ 54. Bg1 Qc3 55. Qa8+ 1/2-1/2

[Event "Europa tch femenino 2005"]
[Site "Gotebörg SWE"]
[Date "2005.08.03"]
[Round "5.6"]
[White "Prudnikova, Svetlana"]
[Black "Limontaite, Simona"]
[Result "1/2-1/2"]
[WhiteElo "2370"]
[BlackElo "2095"]
[PlyCount "87"]
[EventDate "2005.07.30"]
[EventType "team"]
[EventRounds "9"]
[EventCountry "SWE"]
[Source "lmi"]
[SourceDate "2005.08.07"]

1. Nf3 Nf6 2. c4 e6 3. g3 b6 4. Bg2 Bb7 5. O-O c5 6. Nc3 Be7 7. Re1 d6 8. e4
O-O 9. d4 cxd4 10. Nxd4 Qc8 11. Be3 a6 12. Rc1 Nbd7 13. f4 Re8 14. f5 Bf8 15.
Bf2 Qc7 16. b3 Rac8 17. g4 exf5 18. Nxf5 Nc5 19. Ng3 Qb8 20. g5 Nfd7 21. Nf5
Ne5 22. Re3 Ne6 23. Rg3 Nf4 24. Bf1 Bc6 25. Be3 Neg6 26. Qg4 Ne6 27. Rh3 Be7
28. Nd5 Bd8 29. Be2 b5 30. Rf1 Nef8 31. Bd4 Ne5 32. Bxe5 Rxe5 33. Kh1 Bxd5 34.
exd5 Qc7 35. Bd3 Rb8 36. Qh5 Rxf5 37. Bxf5 g6 38. Qh6 gxf5 39. Rxf5 Qe7 40. g6
Qe1+ 41. Kg2 Qe2+ 42. Rf2 Qe4+ 43. Kf1 Qb1+ 44. Kg2 1/2-1/2

[Event "Europa tch femenino 2005"]
[Site "Gotebörg SWE"]
[Date "2005.08.03"]
[Round "5.7"]
[White "Mkrtchian, Lilit"]
[Black "Botsari, Anna-Maria"]
[Result "0-1"]
[WhiteElo "2447"]
[BlackElo "2297"]
[PlyCount "100"]
[EventDate "2005.07.30"]
[EventType "team"]
[EventRounds "9"]
[EventCountry "SWE"]
[Source "lmi"]
[SourceDate "2005.08.07"]

1. e4 c5 2. Nf3 e6 3. d4 cxd4 4. Nxd4 Nc6 5. Nc3 Qc7 6. Be3 a6 7. Qd2 Nf6 8.
O-O-O Bb4 9. f3 d5 10. a3 Bd6 11. exd5 exd5 12. g4 Ne7 13. h4 Bd7 14. h5 h6 15.
Kb1 O-O-O 16. Bd3 Kb8 17. Rdg1 Bc6 18. Qf2 Rde8 19. Nce2 Nd7 20. Ng3 Bf4 21.
Bxf4 Qxf4 22. Ngf5 Nxf5 23. gxf5 Re3 24. Rh4 Qe5 25. Nxc6+ bxc6 26. Qd2 Kc7 27.
Qa5+ Kd6 28. Rb4 Nc5 29. Rb6 Re8 30. Ka2 Rxf3 31. Qb4 Rf4 32. Qd2 Qd4 33. Rxg7
Nxd3 34. cxd3 Rxf5 35. Qh2+ Ree5 36. Rb7 Qxd3 37. Rg3 Qc4+ 38. Rgb3 a5 39. Qd2
a4 40. Qxh6+ Kc5 41. Qf8+ Kd4 42. Qg7 axb3+ 43. Rxb3 Rf1 44. h6 f6 45. h7 Ree1
46. Qxf6+ Rxf6 47. h8=Q Ref1 48. Qh2 R1f3 49. Qg1+ Ke5 50. Qg5+ Kd6 0-1

[Event "Europa tch femenino 2005"]
[Site "Gotebörg SWE"]
[Date "2005.08.03"]
[Round "5.7"]
[White "Galojan, Lilit"]
[Black "Fakhiridou, Ekaterini"]
[Result "1-0"]
[WhiteElo "2223"]
[BlackElo "2272"]
[PlyCount "165"]
[EventDate "2005.07.30"]
[EventType "team"]
[EventRounds "9"]
[EventCountry "SWE"]
[Source "lmi"]
[SourceDate "2005.08.07"]

1. d4 d5 2. c4 dxc4 3. Nf3 Nf6 4. e3 e6 5. Bxc4 c5 6. O-O a6 7. Bb3 b5 8. a4 b4
9. Nbd2 Be7 10. Qe2 Bb7 11. Rd1 cxd4 12. Nc4 Nc6 13. a5 d3 14. Rxd3 Qc7 15. e4
Rd8 16. Be3 Nd7 17. Nb6 O-O 18. Nxd7 Rxd7 19. Bb6 Qc8 20. Rxd7 Qxd7 21. Rd1 Qc8
22. Ba4 Bd8 23. Qe3 Bxb6 24. axb6 Qa8 25. Rd7 Rd8 26. Rc7 Rf8 27. h4 Nd8 28. e5
a5 29. h5 h6 30. Bc2 Qa6 31. Bd3 Qa8 32. Bb1 Qa6 33. b3 Bd5 34. Nd2 a4 35. bxa4
Qxa4 36. Nf1 Qd1 37. Be4 b3 38. Rc1 Qxh5 39. Bxd5 exd5 40. Qxb3 Qxe5 41. b7 Qb8
42. Rb1 Re8 43. Qb4 Re4 44. Qb6 Re8 45. Ne3 Qxb7 46. Qxb7 Nxb7 47. Rxb7 Rd8 48.
Rb2 g6 49. Rd2 d4 50. Nc2 d3 51. Ne1 h5 52. Rxd3 Ra8 53. Re3 Ra7 54. g3 Kg7 55.
Kg2 Rb7 56. Nf3 Ra7 57. Ne5 Rb7 58. Rd3 Re7 59. f4 g5 60. Nf3 g4 61. Nh4 Re2+
62. Kg1 Ra2 63. Rd5 Kh6 64. Rd6+ Kh7 65. Nf5 Kg8 66. Rf6 Ra1+ 67. Kf2 Ra2+ 68.
Ke3 Ra3+ 69. Ke4 Ra4+ 70. Nd4 Ra3 71. Rh6 Rxg3 72. Rxh5 Rg1 73. Kf5 Kf8 74. Rg5
Rd1 75. Ne2 Rd2 76. Ng3 Rd5+ 77. Kxg4 Rd1 78. Rb5 Rg1 79. Rb3 Kg7 80. Kf5 Ra1
81. Rb5 Rg1 82. Nh5+ Kh6 83. Rb8 1-0

[Event "Europa tch femenino 2005"]
[Site "Gotebörg SWE"]
[Date "2005.08.03"]
[Round "5.7"]
[White "Dembo, Yelena"]
[Black "Danielian, Elina"]
[Result "1/2-1/2"]
[WhiteElo "2428"]
[BlackElo "2433"]
[PlyCount "68"]
[EventDate "2005.07.30"]
[EventType "team"]
[EventRounds "9"]
[EventCountry "SWE"]
[Source "lmi"]
[SourceDate "2005.08.07"]

1. e4 c6 2. d4 d5 3. Nc3 dxe4 4. Nxe4 Nf6 5. Nxf6+ gxf6 6. c3 Nd7 7. Bc4 Nb6 8.
Bd3 Qd5 9. Qf3 Be6 10. Be4 Qd7 11. Ne2 O-O-O 12. h3 Bd5 13. O-O Rg8 14. Ng3 Rg6
15. a4 e6 16. a5 Na8 17. a6 b5 18. c4 bxc4 19. Bd2 f5 20. Bxd5 Qxd5 21. Qe2 Nc7
22. Rfc1 Bd6 23. Ra5 Nb5 24. Qxc4 Qxc4 25. Rxc4 Kd7 26. Ne2 Rb8 27. Nf4 Bxf4
28. Bxf4 Nd6 29. Rc2 Rgg8 30. Be3 Rb5 31. Ra4 Rd5 32. Rb4 Rb5 33. Ra4 Rd5 34.
Rb4 Rb5 1/2-1/2

[Event "Europa tch femenino 2005"]
[Site "Gotebörg SWE"]
[Date "2005.08.03"]
[Round "5.8"]
[White "Trujillo Delgado, Dafnae"]
[Black "Trabert, Bettina"]
[Result "1/2-1/2"]
[WhiteElo "2219"]
[BlackElo "2291"]
[PlyCount "84"]
[EventDate "2005.07.30"]
[EventType "team"]
[EventRounds "9"]
[EventCountry "SWE"]
[Source "lmi"]
[SourceDate "2005.08.07"]

1. e4 e5 2. Nf3 Nc6 3. d4 exd4 4. Nxd4 Bb4+ 5. c3 Bc5 6. Be3 Bb6 7. Be2 Nge7 8.
O-O O-O 9. Nd2 d5 10. Nxc6 bxc6 11. Bxb6 axb6 12. Bd3 Ba6 13. Bxa6 Rxa6 14. Re1
Ng6 15. a3 Ra8 16. Nf3 h6 17. Qc2 dxe4 18. Rxe4 Qf6 19. Rae1 Rad8 20. Qc1 c5
21. Ne5 Rd5 22. Nxg6 Qxg6 23. g3 Rfd8 24. Qf4 R5d7 25. Re8+ Kh7 26. Qe4 Qxe4
27. R8xe4 Rd2 28. R4e2 c4 29. Kf1 Kg6 30. h4 Kf6 31. Kg2 b5 32. h5 R8d5 33. g4
c6 34. Kg3 R5d3+ 35. f3 Rd5 36. Re4 g5 37. hxg6 Kxg6 38. R4e2 h5 39. gxh5+ Kxh5
40. Rh1+ Kg6 41. Rhh2 Rxe2 42. Rxe2 Kf6 1/2-1/2